Transformer : reuse, renewal, and renovation in contemporary architecture.

Bibliographic Details
Format: Book
Language:English
Published: Berkeley, CA : Ginko Press, [2010]
Subjects:

MARC

Tag First Indicator Second Indicator Subfields
LEADER 00000cam a2200000Ia 4500
001 in00002607021
005 20151201155113.0
008 100517s2010 cauao 000 0 eng d
020 |a 1584233826 
020 |a 9781584233824 
035 |a (OCoLC)ocn618326154 
035 |a (OCoLC)618326154 
040 |a YDXCP  |c YDXCP  |d OEL  |d EYM  |d UtOrBLW 
049 |a TXAM 
050 1 4 |a NA2500  |b .T73 2010 
092 |a 720.286 
245 0 0 |a Transformer :  |b reuse, renewal, and renovation in contemporary architecture. 
246 3 0 |a Reuse, renewal, and renovation in contemporary architecture 
264 1 |a Berkeley, CA :  |b Ginko Press,  |c [2010] 
264 4 |c ©2010 
300 |a 267 pages :  |b illustrations (some color), plans ;  |c 30 cm. 
336 |a text  |b txt  |2 rdacontent 
337 |a unmediated  |b n  |2 rdamedia 
338 |a volume  |b nc  |2 rdacarrier 
500 |a Chief editor : Wang Shaoqiang. 
650 0 |a Remodeling for other use. 
650 0 |a Space (Architecture) 
650 0 |a Interior architecture. 
650 0 |a Architecture  |x Environmental aspects. 
650 0 |a Architecture, Postmodern. 
938 |a YBP Library Services  |b YANK  |n 3294805 
945 |a PromptCat  |b 71287 
946 |a stk 
947 |a A14839722898 
994 |a 92  |b TXA 
948 |a Cataloged  |b h  |c 2010/9/10  |d c  |e ibarton 
999 |a MARS 
999 f f |s 17ec1124-59c3-36d2-8d53-092b4548e9a2  |i d415fc54-a4c6-39ab-9272-a3e377c3f9c3  |t 0 
952 f f |p ric  |a Texas A&M University  |b Rellis Campus  |c Joint Library Facility  |d Remote Storage  |t 0  |e NA2500 .T73 2010  |h Library of Congress classification  |i unmediated -- volume  |m A14839722898 
998 f f |a NA2500 .T73 2010  |t 0  |l Remote Storage